Сборник № 9 единых районных единичных расценок на строительные работы; Внутренние водопровод, канализация, отопление и вентиляция. Ч. III : Внутренние водопровод и канализация

Opis bibliograficzny
Korporacja: СССР Государственный комитет по делам строительства (Госстрой СССР)
Kolejni autorzy: Шер С. Ю. (редактор)
Język:rosyjski
Wydane: Москва, Госстройиздат, 1959
Wydanie:3-е изд., испр.
Hasła przedmiotowe:
Format: MixedMaterials Książka
KOHA link:https://koha.lib.tpu.ru/cgi-bin/koha/opac-detail.pl?biblionumber=323324

MARC

LEADER 00000nam0a2200000 4500
001 323324
005 20231102003547.0
035 |a (RuTPU)RU\TPU\book\348908 
090 |a 323324 
100 |a 20161017d1959 km y0rusy50 ca 
101 0 |a rus 
102 |a RU 
105 |a y z 000zy 
200 1 |a Сборник № 9 единых районных единичных расценок на строительные работы  |h Внутренние водопровод, канализация, отопление и вентиляция. Ч. III : Внутренние водопровод и канализация  |f СССР, Государственный комитет по делам строительства (Госстрой СССР) ; под ред. С. Ю. Шера 
205 |a 3-е изд., испр. 
210 |a Москва  |c Госстройиздат  |d 1959 
215 |a 242 с. 
606 1 |a Водопроводно-канализационная сеть внутренняя  |x Строительство  |2 stltpush  |3 (RuTPU)RU\TPU\subj\2911  |9 31408 
610 1 |a строительные работы 
610 1 |a расценки 
610 1 |a водопроводы 
610 1 |a канализация 
610 1 |a отопление 
610 1 |a трубы 
610 1 |a трубопроводы 
610 1 |a арматура 
610 1 |a санитарная техника 
675 |a 696.1  |v 4 
702 1 |a Шер  |b С. Ю.  |4 340 
712 0 1 |a СССР  |b Государственный комитет по делам строительства (Госстрой СССР)  |c (1950-1991)  |2 stltpush  |3 (RuTPU)RU\TPU\col\7934 
801 1 |a RU  |b 63413507  |c 20161017 
801 2 |a RU  |b 63413507  |c 20161018  |g RCR 
942 |c BK